Wszystkie miasta Polski na literę G - Statystyki

Ogólne statystyki
  • Ten quiz został rozwiązany 1 959 razy
    1 344 od ostatniego zresetowania
  • Średni wynik to 32 z 54
Statystyki odpowiedzi
Województwo Populacja Miasto % Poprawnych
pomorskie 470805 Gdańsk
97%
pomorskie 244969 Gdynia
96%
lubuskie 122589 Gorzów Wielkopolski
92%
wielkopolskie 67570 Gniezno
89%
śląskie 177049 Gliwice
88%
kujawsko-pomorskie 93564 Grudziądz
87%
dolnośląskie 66120 Głogów
84%
mazowieckie 17548 Garwolin
81%
warmińsko-mazurskie 28964 Giżycko
81%
mazowieckie 32452 Grodzisk Mazowiecki
81%
wielkopolskie 20250 Gostyń
79%
zachodniopomorskie 20923 Gryfino
78%
dolnośląskie 11574 Góra
76%
mazowieckie 18355 Gostynin
76%
zachodniopomorskie 16212 Gryfice
76%
wielkopolskie 14713 Grodzisk Wielkopolski
75%
warmińsko-mazurskie 13600 Gołdap
73%
małopolskie 26973 Gorlice
73%
mazowieckie 16785 Grójec
73%
zachodniopomorskie 21979 Goleniów
72%
podlaskie 21709 Grajewo
72%
opolskie 13388 Głuchołazy
67%
kujawsko-pomorskie 12412 Golub-Dobrzyń
67%
opolskie 12441 Głubczyce
66%
pomorskie 6608 Gniew
65%
lubuskie 16528 Gubin
63%
mazowieckie 11988 Góra Kalwaria
60%
łódzkie 13961 Głowno
59%
opolskie 5563 Głogówek
56%
podkarpackie 9800 Głogów Małopolski
55%
opolskie 2439 Gorzów Śląski
54%
dolnośląskie 6509 Gryfów Śląski
54%
opolskie 6765 Gogolin
52%
łódzkie 998 Grabów
50%
małopolskie 5986 Grybów
50%
kujawsko-pomorskie 7060 Gniewkowo
48%
mazowieckie 2976 Glinojeck
47%
mazowieckie 4082 Gąbin
43%
dolnośląskie 6246 Głuszyca
41%
podlaskie 1819 Goniądz
40%
wielkopolskie 4450 Golina
39%
lubelskie 917 Goraj
39%
kujawsko-pomorskie 1403 Górzno
39%
opolskie 8501 Grodków
39%
wielkopolskie 3158 Gołańcz
38%
kujawsko-pomorskie 1406 Gąsawa
37%
wielkopolskie 1912 Grabów nad Prosną
37%
warmińsko-mazurskie 3887 Górowo Iławeckie
36%
mazowieckie 825 Głowaczów
34%
zachodniopomorskie 2439 Gościno
32%
zachodniopomorskie 2673 Golczewo
29%
lubuskie 2977 Gozdnica
28%
mazowieckie 779 Gielniów
26%
świętokrzyskie 1343 Gowarczów
26%
Nie znaleziono quizów pasujących do podanych kryteriów
Rozkład punktacji
Procent ludzi z każdym wynikiem
Percentyl według liczby udzielonych odpowiedzi
Twoja historia wyników
Nie rozwiązałeś tego quizu od ostatniego zresetowania